[Event "TUR-chT 2nd League"]
[Site "Konya"]
[Date "2018.07.17"]
[Round "3.13"]
[White "Aslan, Ceylan"]
[Black "Sahin, Hatice"]
[Result "0-1"]
[WhiteElo "1291"]
[BlackElo "1571"]
[PlyCount "108"]
[EventDate "2018.07.16"]
[EventType "team-swiss"]
[EventRounds "9"]
[EventCountry "TUR"]
[SourceTitle "EXT 2019"]
[Source "ChessBase"]
[SourceDate "2018.10.10"]
[SourceVersion "1"]
[SourceVersionDate "2018.10.10"]
[SourceQuality "1"]
[WhiteTeam "Cesme Belediye"]
[BlackTeam "Konya Erkin"]
[WhiteTeamCountry "TUR"]
[BlackTeamCountry "TUR"]

1. e4 e5 2. Nf3 Nc6 3. Bc4 Bc5 4. d3 Nf6 5. Bg5 h6 6. Bh4 d6 7. 0-0 Bg4 8. Nbd2 g5 9. Bg3 Nh5 10. Kh1 Qd7 11. c3 0-0-0 12. Qb3 Na5 13. Qb5 Qxb5 14. Bxb5 a6 15. Bxa6 bxa6 16. b4 Bb6 17. bxa5 Bxa5 18. Rac1 Nxg3+ 19. fxg3 Be6 20. c4 Bxd2 21. Nxd2 f5 22. exf5 Bxf5 23. Rc3 Kd7 24. h3 Rhf8 25. Ne4 Bxe4 26. dxe4 Rf2 27. c5 Rb8 28. Rb3 Rb2 29. cxd6 cxd6 30. Kg1 Rb4 31. Rxb4 Rxb4 32. Re1 Rb2 33. Rf1 Ke7 34. Rf2 Rb1+ 35. Rf1 Rb4 36. Re1 Rb2 37. a4 Rb4 38. a5 Ra4 39. Kf2 Rxa5 40. Kf3 h5 41. Rb1 Rb5 42. Ra1 a5 43. Ra3 Ke6 44. g4 h4 45. g3 hxg3 46. Kxg3 d5 47. exd5+ Rxd5 48. h4 e4 49. hxg5 Rd3+ 50. Rxd3 exd3 51. Kf3 a4 52. g6 Kf6 53. Ke3 a3 54. g7 Kxg7 0-1

[Event "TUR-chT 2nd League"]
[Site "Konya"]
[Date "2017.07.23"]
[Round "9.6"]
[White "Akar, Nilay"]
[Black "Sahin, Hatice"]
[Result "0-1"]
[WhiteElo "1478"]
[BlackElo "1560"]
[PlyCount "135"]
[EventDate "2017.07.17"]
[EventType "team-swiss"]
[EventRounds "9"]
[EventCountry "TUR"]
[SourceTitle "EXT 2018"]
[Source "ChessBase"]
[SourceDate "2017.10.13"]
[SourceVersion "1"]
[SourceVersionDate "2017.10.13"]
[SourceQuality "1"]
[WhiteTeam "Kahramanmaras Ustad"]
[BlackTeam "Konya Erkin"]
[WhiteTeamCountry "TUR"]
[BlackTeamCountry "TUR"]

1. e4 d5 2. exd5 Qxd5 3. Nc3 Qa5 4. d4 c6 5. Nf3 Bg4 6. Bc4 e6 7. 0-0 Nf6 8. Bf4 Bb4 9. Qd3 Bxc3 10. bxc3 0-0 11. Ne5 Bf5 12. Qf3 Bxc2 13. Bg5 Nd5 14. Bxd5 Qxd5 15. Qg3 Nd7 16. Nxd7 Qxd7 17. h4 f6 18. Bf4 Bg6 19. Rfe1 Rac8 20. Qh3 Bf7 21. Qg3 Rfd8 22. Rad1 b5 23. Bh6 Bg6 24. Bf4 Qd5 25. Rd2 Re8 26. Rde2 c5 27. dxc5 Rxc5 28. Rd2 Qb7 29. Red1 e5 30. Qe3 Rc4 31. Bh2 Rec8 32. Rd8+ Rxd8 33. Rxd8+ Kf7 34. Bxe5 fxe5 35. Qxe5 Re4 36. Qc5 Re8 37. Rd4 Kg8 38. h5 Bf7 39. Qf5 Qe7 40. Rf4 Qe6 41. Qxb5 Qe1+ 42. Kh2 Qe5 43. Qb4 Qxh5+ 44. Rh4 Qe5+ 45. g3 Qe2 46. Qd4 Qxa2 47. Rg4 Bg6 48. Kg2 Rf8 49. c4 Qe2 50. Qd5+ Kh8 51. Qc5 Qf3+ 52. Kg1 Qf5 53. Qxf5 Rxf5 54. Rd4 h6 55. Rd8+ Kh7 56. Rc8 Rf6 57. c5 Be4 58. Re8 Bd3 59. f4 Rc6 60. Re5 a5 61. Kf2 a4 62. Ke3 Bg6 63. Kd4 Bc2 64. Z0 Bb3 65. Kc3 Rg6 66. Re3 Re6 67. Rd3 Kg6 68. g4 0-1

[Event "TUR-chT 2nd League"]
[Site "Konya"]
[Date "2017.07.19"]
[Round "4.5"]
[White "Aladag, Begum"]
[Black "Sahin, Hatice"]
[Result "1/2-1/2"]
[WhiteElo "1379"]
[BlackElo "1560"]
[PlyCount "78"]
[EventDate "2017.07.17"]
[EventType "team-swiss"]
[EventRounds "9"]
[EventCountry "TUR"]
[SourceTitle "CBM 179 Extra"]
[Source "ChessBase"]
[SourceDate "2017.08.23"]
[SourceVersion "1"]
[SourceVersionDate "2017.08.23"]
[SourceQuality "1"]
[WhiteTeam "Mersin Zeka"]
[BlackTeam "Konya Erkin"]
[WhiteTeamCountry "TUR"]
[BlackTeamCountry "TUR"]

1. e4 e5 2. Nf3 Nc6 3. d4 exd4 4. Nxd4 Bc5 5. Be3 Bb6 6. Nxc6 bxc6 7. Bd4 Qg5 8. Nc3 Ne7 9. g3 0-0 10. Bg2 f5 11. Bxb6 cxb6 12. exf5 Qxf5 13. 0-0 Kh8 14. Qd6 Ng8 15. Be4 Qf6 16. Rad1 Ba6 17. Qxf6 Nxf6 18. Bd3 Bxd3 19. Rxd3 Rae8 20. h3 d5 21. Rdd1 Ne4 22. Nxe4 Rxe4 23. Rfe1 Ree8 24. Rxe8 Rxe8 25. Kf1 g6 26. Re1 Rxe1+ 27. Kxe1 Kg7 28. Ke2 Kf6 29. Ke3 c5 30. c3 h5 31. f3 Ke5 32. f4+ Kf5 33. Kf3 a5 34. g4+ hxg4+ 35. hxg4+ Ke6 36. a4 Kf6 37. Ke3 Ke6 38. Kd3 Kf6 39. Ke3 Ke6 1/2-1/2

[Event "TUR-chT 2nd League"]
[Site "Konya"]
[Date "2017.07.18"]
[Round "2.7"]
[White "Yildiz, Aybike Gulbun"]
[Black "Sahin, Hatice"]
[Result "0-1"]
[WhiteElo "1419"]
[BlackElo "1560"]
[PlyCount "87"]
[EventDate "2017.07.17"]
[EventType "team-swiss"]
[EventRounds "9"]
[EventCountry "TUR"]
[SourceTitle "CBM 179 Extra"]
[Source "ChessBase"]
[SourceDate "2017.08.23"]
[SourceVersion "1"]
[SourceVersionDate "2017.08.23"]
[SourceQuality "1"]
[WhiteTeam "Ankara Hayat"]
[BlackTeam "Konya Erkin"]
[WhiteTeamCountry "TUR"]
[BlackTeamCountry "TUR"]

1. e4 e5 2. Nf3 Nc6 3. Bc4 Bc5 4. d3 Nf6 5. h3 h6 6. Nc3 d6 7. Be3 Bb6 8. 0-0 0-0 9. Qd2 Be6 10. Bb3 d5 11. exd5 Nxd5 12. Nxd5 Bxd5 13. Bxd5 Qxd5 14. Bxb6 axb6 15. a3 f5 16. Rfe1 Rae8 17. Rad1 Rf6 18. c4 Qf7 19. Qc3 e4 20. Nd4 Nxd4 21. Qxd4 Rd6 22. Qc3 Red8 23. Re3 Qd7 24. Qb3 Kh7 25. Kf1 Rxd3 26. Rexd3 exd3 27. Qc3 g5 28. g4 fxg4 29. hxg4 Qxg4 30. Rxd3 Rxd3 31. Qxd3+ Kg7 32. Qc3+ Kf7 33. Qd3 Kg7 34. Qc3+ Kg6 35. Qd3+ Qf5 36. Qxf5+ Kxf5 37. Kg2 Kf4 38. b4 h5 39. c5 bxc5 40. bxc5 b6 41. cxb6 cxb6 42. f3 b5 43. Kf2 h4 44. Kg2 0-1